Surveying skills report 2025 (Record no. 122221)
[ view plain ]
| 000 -LEADER | |
|---|---|
| fixed length control field | 01367nam a22002537a 4500 |
| 005 - DATE AND TIME OF LATEST TRANSACTION | |
| control field | 20251027093538.0 |
| 008 - FIXED-LENGTH DATA ELEMENTS--GENERAL INFORMATION | |
| fixed length control field | 251027t2025 xxk|||||o|||| 00| 0 eng d |
| 020 ## - INTERNATIONAL STANDARD BOOK NUMBER | |
| ISBN | 9781783215621 |
| 041 ## - LANGUAGE CODE | |
| Language code of text/sound track or separate title | eng |
| 100 ## - MAIN ENTRY--PERSONAL NAME | |
| Personal author | Rubinsohn, Simon |
| 110 ## - MAIN ENTRY--CORPORATE NAME | |
| Corporate author | Royal Institution of Chartered Surveyors |
| 245 ## - TITLE STATEMENT | |
| Title | Surveying skills report 2025 |
| Subtitle | headline survey results and next steps |
| Medium | [Electronic resource] |
| 260 ## - PUBLICATION INFORMATION | |
| Place of publication | London, |
| Publisher | Royal Institution of Chartered Surveyors, |
| Date | October 2025 |
| 300 ## - PHYSICAL DESCRIPTION | |
| Physical description | 21p. |
| 490 ## - SERIES TITLE | |
| Series statement | RICS Report |
| 520 ## - ABSTRACT | |
| Abstract | Based on a survey of our global membership, the RICS Surveying skills report is the first of its kind, providing an in-depth exploration of skills shortages in surveying. It uncovers the reality of the skills gap right now and, in an industry that is ever evolving and working at pace to meet demanding targets in housing and decarbonisation, identifies the developing needs of future surveyors. The findings are clear: current initiatives on skills, though valuable, are not working fast enough. |
| 650 ## - KEYWORDS | |
| Keywords | SURVEYING PROFESSION |
| 651 ## - SUBJECT ADDED ENTRY--GEOGRAPHIC NAME | |
| Geographic name | International |
| 700 ## - ADDED PERSONAL NAME | |
| Added personal author | Rubinsohn, Simon |
| 700 ## - ADDED PERSONAL NAME | |
| Added personal author | Brown, Nell |
| 710 ## - ADDED CORPORATE NAME | |
| Added corporate author | Royal Institution of Chartered Surveyors |
| 856 ## - ONLINE RESOURCE | |
| Uniform Resource Identifier | <a href="https://www.rics.org/content/dam/ricsglobal/documents/reports/Surveying-skills-report-2025.pdf">https://www.rics.org/content/dam/ricsglobal/documents/reports/Surveying-skills-report-2025.pdf</a> |
| Public note | Available on RICS.org |
| 942 ## - ADDED ENTRY ELEMENTS (KOHA) | |
| Suppress in OPAC | Do not suppress in OPAC |
| Lost status | Damaged status | Not for loan | Current library | Shelving location | Date acquired | Total Checkouts | Full call number | Date last seen | Price effective from | Koha item type |
|---|---|---|---|---|---|---|---|---|---|---|
| Virtual | Online | 27/10/2025 | ONLINE PUBLICATION | 27/10/2025 | 27/10/2025 | Online material |